Možnosti komplexnej elektrochemickej detekcie štruktúrneho poškodenia DNA
Salvato in:
| Autore principale: | |
|---|---|
| Natura: | Software Libro |
| Lingua: | slovacco |
| Pubblicazione: |
Bratislava
STU FCHPT
2011
|
| Accesso online: | Visualizza in OPAC |
| Tags: |
Nessun Tag, puoi essere il primo ad aggiungerne!!
|
MARC
| LEADER | 00000nam a2200000 a 4500 | ||
|---|---|---|---|
| 005 | 20260127133931.0 | ||
| 007 | co ugu | ||
| 008 | 110620 2011 xo 000 0 slo d | ||
| 035 | |a vtls010286860 | ||
| 039 | 9 | |a 201106301212 |b mschk03 |c 201106210828 |d msnk01 |y 201106200933 |z mschk03 | |
| 040 | |a STUSCHK1 |b slo |c STUSCHK1 |e AACR2 | ||
| 100 | 1 | |a Hlavatá, Lenka | |
| 245 | 1 | 0 | |a Možnosti komplexnej elektrochemickej detekcie štruktúrneho poškodenia DNA |c Lenka Hlavatá |
| 260 | |a Bratislava |b STU FCHPT |c 2011 | ||
| 300 | |a 1 elektronický disk | ||
| 500 | |a Obháj.: 6.6. 2011 | ||
| 500 | |a Študijný program: technická chémia | ||
| 500 | |a Kombinácia študijných odborov: 4.1.14 chémia, 5.2.18 chemické technológie | ||
| 500 | |a Miesto vypracovania: Oddelenie analytickej chémie, FCHPT STU | ||
| 500 | |a Evidenčné číslo: FCHPT-5459-40617 | ||
| 500 | |a diplomová práca na CD-ROMe | ||
| 910 | |a SCHK95 | ||
| 999 | |c 357 |d 357 | ||